000 00264nam a2200109Ia 4500
008 230907s9999||||xx |||||||||||||| ||und||
082 _a382
_bMCL
100 _aMcLaren, John,
_9116093
245 0 _ainternational trade :
300 _axxi, 329 pages :
942 _cBK
999 _c601014
_d601014